000 00808nas a2200265 4500
001 BR8303487
003 BR-BrBNA
005 20231205085559.0
007 ta
008 230509b bl.|||p| |||| 00| 00por d
040 _aBR-BrBNA
_bpor
_cBiblioteca Nacional de Agricultura
041 _a(Pt)
072 _aS00; S30
100 1 _aKalil, A.C.
100 1 _aLei, D.L.M.
100 1 _aLemer, B.R.
100 1 _aRamos, R.G.
245 1 _aEvolucao do estado nutricional de pre-escolares matriculados em atividade de suplemento alimentar [Sao Paulo, Brasil]
650 _aSUPLEMENTO ALIMENTAR
650 _aDIETA
650 _aSAO PAULO
773 0 _tAlimentacao (Brazil)
_xISSN 0100-9397
_g(Oct 1981), (no. 56) p. 38-47
_wBR8303487
909 _a202311
_bLúcia
_c55
_dLúcia Elande
942 _2AGRIS
_n0
_cANA
999 _c112363
_d112363